Top 20 49ers Players Ever - Statistics

General Stats
  • This quiz has been taken 352 times
  • The average score is 8 of 20
Answer Stats
Position Player % Correct
WR Jerry Rice
100%
QB Joe Montana
98%
QB Steve Young
92%
DL Bryant Young
84%
S Ronnie Lott
78%
RB Frank Gore
70%
WR Terrell Owens
55%
LB Patrick Willis
53%
RB Roger Craig
42%
OT Joe Staley
30%
WR Dwight Clark
26%
QB Y.A. Tittle
23%
QB John Brodie
19%
CB Jimmy Johnson
16%
FB Joe Perry
9%
LB Dave Wilcox
5%
RB Hugh McElhenny
5%
OT Bob St. Clair
4%
DL Leo Nomellini
4%
OT Jesse Sapolu
2%
No matching quizzes found
Score Distribution
Percent of People with Each Score
Percentile by Number Answered
Your Score History
You have not taken this quiz